[Event "XXIII Rapid Open"]
[Site "Villarrobledo ESP"]
[Date "2008.08.02"]
[Round "1"]
[White "Topalov,V"]
[Black "Guerra Reig,J"]
[Result "1-0"]
[WhiteElo "2777"]
[BlackElo "2078"]
[EventDate "2008.08.02"]

1. g3 d5 2. Bg2 c6 3. d3 Nf6 4. Nd2 e6 5. Ngf3 Be7 6. O-O O-O 7. e4 Qc7 8.
Re1 Rd8 9. e5 Nfd7 10. Nf1 c5 11. h4 Nc6 12. Bf4 h5 13. c3 b6 14. Ne3 Bb7
15. d4 cxd4 16. cxd4 Bb4 17. Re2 Nf8 18. Rc2 Rac8 19. Ng5 g6 20. g4 Qd7 21.
Rac1 Ne7 22. gxh5 Nf5 23. hxg6 fxg6 24. Nxf5 exf5 25. Rxc8 Rxc8 26. Rxc8
Qxc8 27. Qb3 1-0

[Event "XXIII Rapid Open"]
[Site "Villarrobledo ESP"]
[Date "2008.08.02"]
[Round "1"]
[White "Bendayan Claros,A"]
[Black "Ponomariov,R"]
[Result "0-1"]
[WhiteElo "2060"]
[BlackElo "2718"]
[EventDate "2008.08.02"]

1. d4 Nf6 2. Bg5 e6 3. e4 h6 4. Bxf6 Qxf6 5. c3 d6 6. Bd3 Nd7 7. Ne2 g6 8.
Nd2 Bg7 9. O-O Qe7 10. f4 c5 11. Rc1 a6 12. a4 b6 13. Nc4 b5 14. Ne3 Rb8
15. axb5 axb5 16. f5 O-O 17. Qd2 Bb7 18. fxg6 fxg6 19. Rxf8+ Rxf8 20. Nf1
c4 21. Bc2 e5 22. d5 Nc5 23. Nfg3 h5 24. Rf1 Kh7 25. Rxf8 Qxf8 26. Qe3 Bh6
27. Qf3 Qxf3 28. gxf3 Nd3 29. b4 Ne1 30. Bd1 Be3+ 31. Kf1 Nxf3 32. Kg2 Nd2
33. Nf1 Nxf1 34. Kxf1 Bc8 35. Ke1 Kh6 36. Ng3 h4 37. Nf1 Bg1 38. Bf3 Kg5
39. Ke2 Kf4 40. Bg2 g5 41. Bh1 Bg4+ 42. Kd2 Bh3 43. Ke2 g4 0-1

[Event "XXIII Rapid Open"]
[Site "Villarrobledo ESP"]
[Date "2008.08.02"]
[Round "2"]
[White "Garcia Jimenez,F"]
[Black "Topalov,V"]
[Result "0-1"]
[WhiteElo "2297"]
[BlackElo "2777"]
[EventDate "2008.08.02"]

1. e4 c6 2. Nf3 d5 3. exd5 cxd5 4. Ne5 Nc6 5. d4 e6 6. Bb5 Bd7 7. Bxc6 Bxc6
8. O-O Nf6 9. Bg5 Be7 10. Nd2 O-O 11. c3 Rc8 12. f4 Ne8 13. Bxe7 Qxe7 14.
Rf3 f6 15. Nd3 Nd6 16. Rh3 b6 17. Qh5 g6 18. Qe2 a5 19. Re1 Rfe8 20. g4 Ne4
21. Re3 Rc7 22. Nf2 f5 23. g5 Qd6 24. Rf3 Rec8 25. Qe3 Bb5 26. Rh3 Ba6 27.
Nf3 b5 28. Nd3 b4 29. Nc5 bxc3 30. bxc3 Bb5 31. Nxe4 dxe4 32. Ne5 Rxc3 33.
Qxc3 Rxc3 34. Rxc3 Qxd4+ 35. Rce3 Qd2 36. a3 a4 0-1

[Event "XXIII Rapid Open"]
[Site "Villarrobledo ESP"]
[Date "2008.08.02"]
[Round "3"]
[White "Topalov,V"]
[Black "Rivas Pastor,M"]
[Result "1-0"]
[WhiteElo "2777"]
[BlackElo "2508"]
[EventDate "2008.08.02"]

1. Nf3 Nf6 2. c4 e6 3. g3 b6 4. Bg2 Bb7 5. d4 Bb4+ 6. Bd2 Bxd2+ 7. Qxd2 Ne4
8. Qc2 d5 9. O-O O-O 10. cxd5 exd5 11. Nc3 Qe7 12. Rac1 Nxc3 13. Qxc3 c6
14. Ne5 a5 15. Rfe1 Qb4 16. e4 f6 17. Nd3 Qxc3 18. bxc3 dxe4 19. Bxe4 g6
20. Bf3 Nd7 21. Re7 Rf7 22. Re6 Nf8 23. Rd6 Rc8 24. Rb1 Ba6 25. Nf4 Bb5 26.
Nd5 cxd5 27. Rxb5 Kg7 28. Bxd5 Re7 29. c4 Nd7 30. c5 Nb8 1-0

[Event "XXIII Rapid Open"]
[Site "Villarrobledo ESP"]
[Date "2008.08.02"]
[Round "3"]
[White "Shirov,A"]
[Black "Rizouk,A"]
[Result "1/2-1/2"]
[WhiteElo "2741"]
[BlackElo "2507"]
[EventDate "2008.08.02"]

1. e4 e5 2. Nf3 Nf6 3. d4 Nxe4 4. Bd3 Nc6 5. Bxe4 d5 6. Nxe5 Nxe5 7. dxe5
dxe4 8. Qxd8+ Kxd8 9. Nc3 Bb4 10. Bg5+ Ke8 11. O-O-O Bg4 12. Rd4 Bxc3 13.
bxc3 h6 14. Rxe4 Bh3 15. gxh3 hxg5 16. Rg1 Rxh3 17. Rxg5 Kf8 18. Reg4 Re8
19. Rxg7 Rxe5 20. Rg8+ Ke7 21. Rc4 Kd7 22. Rf4 Rxc3 23. Rxf7+ Ke6 24. Rh7
Rf5 25. Rg3 Rc4 26. Rg6+ Ke5 27. Re7+ Kf4 28. Rgg7 Rfc5 29. Rgf7+ Kg5 30.
Re2 Ra4 31. Kb2 Rb4+ 32. Ka1 Rbc4 33. Kb2 Rb4+ 34. Ka1 Rbc4 1/2-1/2

[Event "XXIII Rapid Open"]
[Site "Villarrobledo ESP"]
[Date "2008.08.02"]
[Round "4"]
[White "Ponomariov,R"]
[Black "Guliyev,N"]
[Result "1/2-1/2"]
[WhiteElo "2718"]
[BlackElo "2510"]
[EventDate "2008.08.02"]

1. e4 e5 2. Nf3 Nf6 3. Nxe5 d6 4. Nf3 Nxe4 5. Nc3 Nxc3 6. dxc3 Be7 7. Bf4
O-O 8. Qd2 Nd7 9. O-O-O Nc5 10. Be3 Bg4 11. Be2 Qc8 12. h3 Bxf3 13. Bxf3 c6
14. c4 Re8 15. Rhe1 Bf8 16. c3 a5 17. Bxc5 Rxe1 18. Qxe1 dxc5 19. Qe5 a4
20. Bg4 Qe8 21. Qxe8 Rxe8 22. Rd7 Rb8 23. Bd1 a3 24. bxa3 g6 25. f4 Bg7 26.
Kc2 Bf6 27. Bf3 Kf8 28. a4 Ke8 29. Rd1 Bd8 30. Re1+ Kd7 31. f5 Ra8 32. Kb3
Bg5 33. Bg4 Kc7 34. h4 Bxh4 35. Rh1 gxf5 36. Bxf5 Be7 37. Rxh7 Rf8 38. a5
Kd6 39. g4 Ke5 40. Rh1 Ra8 41. Re1+ Kf6 42. g5+ Kxg5 43. Rxe7 Kxf5 44.
Rxf7+ Ke6 45. Rxb7 Rxa5 46. Rh7 Ra8 47. a4 Kd6 48. Ka3 Ra6 49. Rh1 Ra8 50.
Kb3 Rb8+ 51. Kc2 Ra8 52. Ra1 Kc7 53. a5 Kb7 54. Kb3 Ka6 55. Ka4 Rb8 56. Rh1
Rb2 57. Rh6 Ra2+ 58. Kb3 Rxa5 59. Rxc6+ Kb7 60. Rd6 Ra1 61. Rh6 Kc7 62. Kc2
Rg1 63. Re6 Rh1 64. Rf6 Rg1 65. Kb3 Ra1 66. Kc2 Rg1 67. Kd3 Rg3+ 68. Ke4
Rxc3 69. Kd5 Rg3 70. Ke4 1/2-1/2

[Event "XXIII Rapid Open"]
[Site "Villarrobledo ESP"]
[Date "2008.08.03"]
[Round "8"]
[White "Paunovic,D"]
[Black "Topalov,V"]
[Result "0-1"]
[WhiteElo "2539"]
[BlackElo "2777"]
[EventDate "2008.08.02"]

1. c4 e5 2. g3 Nf6 3. Bg2 d5 4. cxd5 Nxd5 5. Nf3 Nc6 6. O-O Be7 7. d4 e4 8.
Ne5 f5 9. Nxc6 bxc6 10. Nd2 O-O 11. Nb3 a5 12. Bd2 a4 13. Na5 Bd7 14. Qxa4
Qe8 15. Qb3 Kh8 16. Nc4 c5 17. Ne3 Nb6 18. dxc5 Bxc5 19. Qc2 Bd6 20. Rfe1
Qf7 21. Nd1 Rxa2 22. Rxa2 Qxa2 23. Nc3 Qf7 24. Bf4 Bxf4 25. gxf4 h6 26. e3
Be6 27. Nb5 Bc4 28. Nd4 c5 29. Nc6 Nd7 30. Qc3 Bd3 31. Ra1 Qe6 32. Ne5 Nxe5
33. fxe5 c4 34. Qd4 Re8 35. Ra5 Kh7 36. h3 Be2 37. Rd5 Qe7 38. Kh2 Qh4 39.
f4 Bf3 40. Qd2 Ra8 41. Rd7 Ra6 42. Rd6 Ra2 43. Rd8 Bxg2 44. Kxg2 c3 0-1